000 00677nam a2200193 a 4500
001 000042147
005 20201002035953.0
008 131114s1999 pr a 000 0 spa d
020 _z08655815135
040 _aDO-SdBNP
_bspa
_cBNPHU
082 _axxx
_bT693c
100 1 _aTorres Santiago, José Manuel
_d1940-
_938506
245 1 0 _aCanciones del amor y la delicia /
_cJosé Manuel Torres Santiago ; edición V. Rodríguez Nietzsche.
260 _aSan Juan, Puerto Rico :
_bInstituto Culturales Puertorriqueña,
_c1999.
300 _a68 p. :
_bil. ;
_c22 cm.
490 1 _aEspada y flor
700 1 2 _aRodríguez Nietzsche, Vicente
_eed.
_956084
830 0 _aEspada y flor
_914204
999 _c41636
_d41636